[Event "Grand Swiss"]
[Site "Riga, Latvia"]
[Date "2021.10.29"]
[Round "3.10"]
[White "Ponomariov Ruslan  (UKR)"]
[Black "Korobov Anton  (UKR)"]
[Result "1/2-1/2"]
[LiveChessVersion "1.4.8"]
[BlackElo "2690"]
[WhiteElo "2631"]

1. e4 {[%clk 1:40:57]} c5 {[%clk 1:40:54]} 2. Nf3 {[%clk 1:41:19]} d6
{[%clk 1:41:18]} 3. Bb5+ {[%clk 1:41:34]} Nd7 {[%clk 1:41:28]} 4. O-O
{[%clk 1:41:13]} Ngf6 {[%clk 1:41:34]} 5. Re1 {[%clk 1:40:51]} a6
{[%clk 1:41:33]} 6. Bf1 {[%clk 1:39:25]} e5 {[%clk 1:37:38]} 7. c3
{[%clk 1:38:25]} Be7 {[%clk 1:35:54]} 8. d4 {[%clk 1:38:44]} O-O {[%clk 1:35:22]}
9. d5 {[%clk 1:18:16]} b5 {[%clk 1:32:20]} 10. a4 {[%clk 1:16:48]} Rb8
{[%clk 1:31:55]} 11. b3 {[%clk 1:09:25]} c4 {[%clk 1:26:46]} 12. axb5
{[%clk 1:02:37]} cxb3 {[%clk 1:25:56]} 13. c4 {[%clk 1:00:10]} Nc5
{[%clk 1:16:47]} 14. Nbd2 {[%clk 0:55:05]} Qb6 {[%clk 0:52:55]} 15. Ba3
{[%clk 0:50:56]} Ng4 {[%clk 0:52:10]} 16. Qe2 {[%clk 0:49:38]} axb5
{[%clk 0:40:28]} 17. cxb5 {[%clk 0:48:47]} Bd7 {[%clk 0:40:53]} 18. h3
{[%clk 0:45:12]} Nf6 {[%clk 0:38:25]} 19. Qe3 {[%clk 0:41:58]} Rfc8
{[%clk 0:33:13]} 20. Bxc5 {[%clk 0:40:05]} Qxc5 {[%clk 0:25:53]} 21. Qxc5
{[%clk 0:38:57]} Rxc5 {[%clk 0:26:18]} 22. Nxb3 {[%clk 0:39:21]} Rcc8
{[%clk 0:26:23]} 23. Na5 {[%clk 0:39:17]} Bxb5 {[%clk 0:26:17]} 24. Bxb5
{[%clk 0:39:39]} Rxb5 {[%clk 0:26:42]} 25. Nc6 {[%clk 0:40:06]} Rb7
{[%clk 0:26:12]} 26. Reb1 {[%clk 0:37:20]} Rxb1+ {[%clk 0:24:14]} 27. Rxb1
{[%clk 0:37:49]} Bf8 {[%clk 0:23:48]} 28. Nd2 {[%clk 0:27:05]} Ra8
{[%clk 0:23:37]} 29. f3 {[%clk 0:26:18]} Nd7 {[%clk 0:22:23]} 30. Nc4
{[%clk 0:23:24]} Nc5 {[%clk 0:21:03]} 31. Rb8 {[%clk 0:20:14]} Rxb8
{[%clk 0:21:17]} 32. Nxb8 {[%clk 0:20:43]} g6 {[%clk 0:21:02]} 33. g4
{[%clk 0:19:13]} f5 {[%clk 0:16:55]} 34. gxf5 {[%clk 0:19:18]} gxf5
{[%clk 0:17:24]} 35. exf5 {[%clk 0:19:43]} Kf7 {[%clk 0:17:42]} 36. Kf2
{[%clk 0:13:35]} 1/2-1/2

[Event "Grand Swiss"]
[Site "Riga, Latvia"]
[Date "2021.10.29"]
[Round "3.27"]
[White "Sargissian Gabriel  (ARM)"]
[Black "Kravtsiv Martyn  (UKR)"]
[Result "1-0"]
[LiveChessVersion "1.4.8"]
[BlackElo "2625"]
[WhiteElo "2664"]

1. d4 {[%clk 1:40:48]} Nf6 {[%clk 1:40:37]} 2. c4 {[%clk 1:41:09]} e6
{[%clk 1:40:57]} 3. g3 {[%clk 1:41:34]} d5 {[%clk 1:40:45]} 4. Bg2
{[%clk 1:41:10]} Bb4+ {[%clk 1:40:50]} 5. Nd2 {[%clk 1:41:21]} O-O
{[%clk 1:39:14]} 6. Ngf3 {[%clk 1:41:00]} dxc4 {[%clk 1:38:12]} 7. Qc2
{[%clk 1:40:31]} b5 {[%clk 1:15:56]} 8. a4 {[%clk 1:37:20]} Bb7 {[%clk 1:14:51]}
9. axb5 {[%clk 1:37:41]} Qd5 {[%clk 1:12:45]} 10. O-O {[%clk 1:37:28]} Qxb5
{[%clk 1:03:49]} 11. Qxc4 {[%clk 1:37:41]} Qxc4 {[%clk 1:00:13]} 12. Nxc4
{[%clk 1:38:04]} Nbd7 {[%clk 0:50:21]} 13. Bf4 {[%clk 1:24:27]} Nd5
{[%clk 0:40:28]} 14. Bd2 {[%clk 1:16:47]} Be7 {[%clk 0:23:33]} 15. Rfc1
{[%clk 0:58:38]} Rfc8 {[%clk 0:18:34]} 16. Ne1 {[%clk 0:55:46]} c5
{[%clk 0:14:44]} 17. Na5 {[%clk 0:55:14]} Rab8 {[%clk 0:15:08]} 18. b4
{[%clk 0:46:19]} Ba6 {[%clk 0:09:16]} 19. bxc5 {[%clk 0:43:15]} Bxe2
{[%clk 0:09:41]} 20. Nc4 {[%clk 0:42:44]} Rb7 {[%clk 0:06:52]} 21. Bxd5
{[%clk 0:33:03]} exd5 {[%clk 0:07:21]} 22. Ne3 {[%clk 0:33:18]} Nf6
{[%clk 0:07:08]} 23. f3 {[%clk 0:32:24]} Kf8 {[%clk 0:03:30]} 24. Kf2
{[%clk 0:31:29]} Bb5 {[%clk 0:03:57]} 25. N1c2 {[%clk 0:29:50]} Bd8
{[%clk 0:02:06]} 26. Ra3 {[%clk 0:23:19]} Bc6 {[%clk 0:01:16]} 27. Rca1
{[%clk 0:22:11]} Rcb8 {[%clk 0:01:00]} 28. Rxa7 {[%clk 0:22:13]} Rxa7
{[%clk 0:01:22]} 29. Rxa7 {[%clk 0:22:33]} Ra8 {[%clk 0:01:51]} 30. Rxa8
{[%clk 0:22:39]} Bxa8 {[%clk 0:02:20]} 31. Nf5 {[%clk 0:19:30]} Ng8
{[%clk 0:01:45]} 32. Bf4 {[%clk 0:15:54]} g6 {[%clk 0:02:11]} 33. Nfe3
{[%clk 0:09:34]} Ke7 {[%clk 0:01:43]} 34. Nb4 {[%clk 0:09:02]} Ke6
{[%clk 0:02:11]} 35. Bd6 {[%clk 0:03:38]} Bg5 {[%clk 0:00:40]} 36. Nec2
{[%clk 0:01:57]} Nf6 {[%clk 0:00:44]} 37. Bf4 {[%clk 0:01:11]} Bxf4
{[%clk 0:00:59]} 38. gxf4 {[%clk 0:01:36]} Ng8 {[%clk 0:00:59]} 39. Na3
{[%clk 0:01:09]} Ne7 {[%clk 0:00:44]} 40. Nb5 {[%clk 0:01:14]} Kd7
{[%clk 0:00:35]} 41. Nd6 {[%clk 0:00:51]} Ke6 {[%clk 0:44:48]} 42. Nd3
{[%clk 0:41:21]} Bc6 {[%clk 0:40:10]} 43. Ne5 {[%clk 0:39:36]} f6
{[%clk 0:32:19]} 44. f5+ {[%clk 0:38:16]} gxf5 {[%clk 0:32:41]} 45. Nd3
{[%clk 0:38:08]} Ba4 {[%clk 0:30:20]} 46. Nf4+ {[%clk 0:34:49]} Kd7
{[%clk 0:30:45]} 47. Nh5 {[%clk 0:30:48]} Ke6 {[%clk 0:25:25]} 48. Ke3
{[%clk 0:24:46]} Bc2 {[%clk 0:24:33]} 49. Kd2 {[%clk 0:24:52]} Ba4
{[%clk 0:24:54]} 50. Ng7+ {[%clk 0:24:35]} Kd7 {[%clk 0:25:17]} 51. Ndxf5
{[%clk 0:23:49]} Nc6 {[%clk 0:25:35]} 52. Nh5 {[%clk 0:22:26]} Ke6
{[%clk 0:25:20]} 53. Nhg3 {[%clk 0:22:34]} Bb5 {[%clk 0:21:10]} 54. Kc3
{[%clk 0:21:06]} Ba6 {[%clk 0:16:45]} 55. Nd6 {[%clk 0:20:10]} Ke7
{[%clk 0:13:50]} 56. f4 {[%clk 0:15:34]} Ke6 {[%clk 0:12:00]} 57. Ne8
{[%clk 0:15:24]} Bc4 {[%clk 0:11:04]} 58. Ng7+ {[%clk 0:15:25]} Kd7
{[%clk 0:10:40]} 59. N7f5 {[%clk 0:15:33]} Na7 {[%clk 0:11:00]} 60. Nd6
{[%clk 0:15:38]} Ba6 {[%clk 0:10:28]} 61. Ngf5 {[%clk 0:11:55]} Be2
{[%clk 0:10:15]} 62. Nh6 {[%clk 0:09:20]} Nc6 {[%clk 0:07:44]} 63. Ng8
{[%clk 0:08:46]} h5 {[%clk 0:08:03]} 64. f5 {[%clk 0:06:11]} Bf3 {[%clk 0:08:27]}
65. Nxf6+ {[%clk 0:06:19]} Ke7 {[%clk 0:08:53]} 66. Nh7 {[%clk 0:06:12]} 1-0